00580nam a2200193Ia 450000500170000000800410001704000190005804100120007708200160008910000170010524500390012226000340016130000230019565000320021885000100025094200070026099900160026795201030028320230708094744.0131103s9999 xx 000 0 und d aLoreto College aEnglish a951.04bCHI aCh'ien,Hsiao aChina but not CathaycHsiao Ch'ien aLondonbThe Pilot Pressc1942 aviii,135 p.b ill. aChina - History,1914 - 1949 aLCLIB cBK c8014d58493 00102ddc4070aMAINbMAINd2013-11-04l0o951.04 CHI LCLIBpB7885r2013-11-04w2013-11-04yBKf